00772nam a2200181 a 4500003000200000005001700002008004100019050003000060100003200090245017900122260009200301300004000393504004100433650002300474650003600497650003300533650002400566020250602161911.0021125s19uu xx 00 eng d aPGS LB 1050.5b.D888 2000 aDumlao, Margarita Angela A. aA class profile of the reading interests and attitudes of the grade 6A students of Southville International School for school year 1999 - 2000 / cMargarita Angela A. Dumlao. aLas Piñas City, Philippines : bSouthville International School and Colleges,c2000. a18 pages :billustrations ;c28 cm. aIncludes bibliographical references. aReading interests. aReadingvPsychological aspects. aStudentsvBooks and reading. aReadingvAttitudes.